| 000 | 00540nam a2200181Ia 4500 | ||
|---|---|---|---|
| 003 | OSt | ||
| 005 | 20240215114210.0 | ||
| 008 | 210210b1929 xxu||||| |||| 00| 0 eng d | ||
| 040 | _cAL | ||
| 041 | _aKannada | ||
| 082 | _a852/220 | ||
| 100 |
_aGURU BASAVAPPA FAKIRAPPA ಗುರು ಬಸವಪ್ಪಾ ಫಕೀರಪ್ಪಾ _9151499 |
||
| 245 |
_aLingammana Vachanagalu _bಲಿಂಗಮ್ಮನ ವಚನಗಳು |
||
| 260 |
_aMangaluru _b- _c1929 |
||
| 690 |
_aKannada Prose _9151500 |
||
| 906 | _a018788 | ||
| 942 |
_2ddc _cBK |
||
| 999 |
_c142342 _d142342 |
||